| 000 | 00646nam a22001937a 4500 | ||
|---|---|---|---|
| 999 |
_c182835 _d182835 |
||
| 005 | 20211207151057.0 | ||
| 010 | _aUR-11353 | ||
| 020 |
_c200.00 _a9789390533909 |
||
| 035 | _aU-9908 | ||
| 037 | _bDBAD/PUB | ||
| 082 | _aک | ||
| 100 | _aر خشند ہ ر و حی مہند ی | ||
| 245 |
_aما نسو ن ا سٹو ر ( ا فسا نے) _cر خشند ہ ر و حی مہند ی |
||
| 246 |
_aMonsoon Store(Urdu) _bby Rakhshanda Roohi Mehdi |
||
| 260 |
_aN.Delhi _c2021 ء _bEducational Publishing House |
||
| 270 |
_aD1/16,Ansari Road,Darya Ganj, _bNew Delhi _e110002 _l - |
||
| 300 |
_a167 ص _c22 Cm(Hb) |
||
| 942 |
_2ddc _cUR _hک _mر خ ش |
||